Engineering Economy

Na minha lista:
Detalhes bibliográficos
Autor principal: Thuesen, G.J
Outros Autores: Fabrycky, W.J
Formato: Livro
Idioma:inglês
Publicado em: Englewood Cliffs Prentice-Hall 1989
Edição:1. ed.
Tags: Adicionar Tag
Sem tags, seja o primeiro a adicionar uma tag!

MARC

LEADER 00000nam a2200000 4500
001 c034915
005 20250512073347.7
041 0 |a eng 
044 |a US 
245 1 0 |a Engineering Economy  |c G.J. Thuesen, W.J. Fabrycky 
250 |a 1. ed. 
264 1 |a Englewood Cliffs  |b Prentice-Hall  |c 1989 
300 |a 717 s. 
100 1 |a Thuesen, G.J. 
700 1 |a Fabrycky, W.J.